| 000 | 02708cam a22006494i 4500 | ||
|---|---|---|---|
| 003 | PE-LiUPU | ||
| 005 | 20250731180150.0 | ||
| 008 | 150706s2011 mx a r 000 0 d | ||
| 020 | _a9786071505460 | ||
| 035 | _a(Sirsi) i9786071505460 | ||
| 040 |
_aPE-LiUPU _bspa _cPE-LiUPU _erda |
||
| 049 | _aPRUA | ||
| 082 | 0 | 4 |
_a530.62 _bB26 _221 |
| 082 | 0 | 4 |
_a530 _bB28 T2 2011 |
| 100 | 1 |
_aBauer, Wolfgang, _eautor. |
|
| 245 | 1 | 0 |
_aFísica para ingeniería y ciencias / _cWolfgang Bauer, Gary D. Westfall ; revisión técnica Jorge Álvarez Díaz. [et al.]. |
| 264 | 1 |
_aMéxico, D.F. : _bMcGrawHill, _c2011. |
|
| 300 |
_axxx, 684-1368 páginas : _bilustraciones ; _c27 cm. |
||
| 336 |
_atext _2rdacontent |
||
| 337 |
_aunmediated _2rdamedia |
||
| 338 |
_avolume _2rdacarrier |
||
| 500 | _aTraducido de: University Physics with Modern Physics. | ||
| 505 | 0 | _aElectricidad -- Magnetismo -- Óptica -- Relatividad y Física cuántica. | |
| 526 | _aSEG44 | ||
| 526 | _aSEG26 | ||
| 526 | _aP159 | ||
| 526 | _aP155 | ||
| 526 | _aP154 | ||
| 526 | _aP153 | ||
| 526 | _aP150 | ||
| 526 | _aP100 | ||
| 526 | _aP31 | ||
| 526 | _aP30 | ||
| 526 | _aP26 | ||
| 526 | _aP25 | ||
| 526 | _aP24 | ||
| 526 | _aP22 | ||
| 526 | _aP15 | ||
| 526 | _aP10 | ||
| 541 | _g015-0015322; | ||
| 650 | 0 | 4 | _aFísica. |
| 650 | 0 | 4 | _aPartículas (Física). |
| 700 | 1 |
_aWestfall, Gary, _ecoaut |
|
| 700 | 1 |
_aÁlvarez Díaz, Jorge, _erev. tec. |
|
| 910 |
_cng _d20120522 |
||
| 910 |
_ctqv _d20170125 |
||
| 942 |
_2ddc _cBOOK |
||
| 949 |
_a530.62 B26 2 _wDEWEY _c1 _i67234 _lCCODEBUL1 _mBUL _p55.00 _r0 _sY _tBOOK _u2015-7-6 _xINGENIERIA _zUNKNOWN _o.STAFF. Colección General |
||
| 949 |
_a530 B28 T22011 _wDEWEY _c1 _iFJ05947 _lCCODEBUJ1 _mBUJ _p55.00 _r0 _sY _tBOOK _u2017-01-25 _xFIA _PP25 _0COMPRA _o.STAFF. Colección General Juliaca |
||
| 949 |
_a530 B28 T22011 _wDEWEY _c1 _iFJ05948 _lCCODEBUJ1 _mBUJ _p55.00 _r0 _sY _tBOOK _u2017-01-25 _xFIA _PP25 _0COMPRA _o.STAFF. Colección General Juliaca |
||
| 994 |
_aC0 _bPEPRU |
||
| 596 | _a1 3 | ||
| 999 |
_a530.62 B26 2 _wDEWEY _c54823 _i67234 _d54823 _e2018-11-19 _f2021-11-9 _g7 _lCCODEBUL1 _mBUL _n1 _p55.00 _q4 _r0 _sY _tBOOK _u2015-7-6 _xINGENIERIA _zUNKNOWN _0COMPRA _o.STAFF. Colección General |
||
| 999 |
_a530 B28 2 2011 _wDEWEY _c1 _iFJ05947 _d2019-11-19 _f2022-1-19 _g4 _lCCODEBUJ1 _mBUJ _p55.00 _q2 _r0 _sY _tBOOK _u2017-1-25 _xINGENIERIA _PP25 _0COMPRA _o.STAFF. Colección General Juliaca |
||
| 999 |
_a530 B28 2 2011 _wDEWEY _c2 _iFJ05948 _d2019-8-26 _f2022-1-19 _g4 _lCCODEBUJ1 _mBUJ _p55.00 _q3 _r0 _sY _tBOOK _u2017-1-25 _xINGENIERIA _PP25 _0COMPRA _o.STAFF. Colección General Juliaca |
||
| 980 |
_81 _gALBERTO SANCHEZ Responsable de Automatización |
||